| 000 | 00427cam a2200181ua 4500 | ||
|---|---|---|---|
| 020 | _c4.80 | ||
| 041 |
_aeng _h |
||
| 082 |
_a306 _bGUE/MA |
||
| 100 | _aGuest, George . | ||
| 245 |
_aMarch of civilization / _cGeorge Guest. _hTextual Documents |
||
| 250 |
_a1 / _b. |
||
| 260 |
_aLondon : _bG.Bell and sons Ltd , _c1961. |
||
| 300 | _a246 ; . | ||
| 365 | _a4.80 | ||
| 504 | _a | ||
| 942 | _cBK | ||
| 999 |
_c1885 _d1885 |
||